Statistics for Countries Most Similar To Finland

Click here to take the quiz!

General Stats

  • This quiz has been taken 72 times
    (61 since last reset)
  • The average score is 15 of 20

Answer Stats

RankCountryScore% Correct
1Sweden83.1
100%
4Latvia74
98%
3Norway64.8
98%
2Estonia76.8
95%
5Denmark72.5
93%
6Germany71.5
88%
11Lithuania69
86%
14Iceland68.5
79%
18UK67.3
79%
9France69.2
77%
8Netherlands70.1
72%
7Austria70.3
67%
12Belgium69
67%
20Slovakia66.6
67%
16Switzerland67.3
67%
15Ireland67.5
63%
10Slovenia69.1
63%
19Spain66.7
63%
17Czechia67.3
60%
13Luxembourg68.5
53%

Score Distribution

Percentile by Number Answered

Percent of People with Each Score

Your Score History

You have not taken this quiz since the last reset